| 000 | 01082nam0a22003011 4500 | ||
|---|---|---|---|
| 001 | RU\INFOCOMM_322\NLR\5000073965 | ||
| 005 | 20250613103618.0 | ||
| 035 | _a(NLR Aleph) 009474914 | ||
| 090 |
_a8550543 _c8550543 |
||
| 100 | _a20121123d1973 |||y0rusy50 ca | ||
| 101 | 0 | _afre | |
| 102 | _aRU | ||
| 105 | _ay z ||||| | ||
| 200 | 1 |
_aLa relève ouvrière en Union Soviétique _fV. Yazykova |
|
| 210 |
_aM. _cProfizdat _d1973 |
||
| 215 |
_a32 с.; 4 л. цв. ил. _cцв. ил. _d20 см |
||
| 300 | _aНа обл. авт. не указан | ||
| 300 | _aНа обороте тит. л.: Валентина Спиридоновна Языкова. Рабочая смена страны Советов | ||
| 606 | 0 |
_aРабочий класс _yСССР _91857306 _3RU\NLR\AUTH\66842117 |
|
| 620 | _aМосква | ||
| 686 |
_aТ3(2)7-281 _2rubbk |
||
| 700 | 1 |
_9z01790 _aJazykova _bV. S. _gValentina Spiridonovna |
|
| 790 | 1 |
_9z01700 _aYazykova _bV. _4070 |
|
| 801 | 1 |
_aRU _bNLR _c20121123 |
|
| 801 | 0 |
_aRU _bINFOCOMM _gPSBO |
|
| 852 |
_aNLR _jИр51 Д-4/135 |
||
| 942 | _cBOOK | ||
| 980 | _aNB | ||